Outsourcing: Decision Making in the Case of Outsourcing the Company Activity and the Management of Outsourcing Project

Sumár hlavných zistení vyplývajúcich z výskumu realizovaného na Ekonomickej univerzite v Bratislave. Na základe dotazníkového prieskumu na vzorke 51 slovenských spoločností, ako aj na základe rozhovorov s manažérmi a zamestnancami týchto spoločností, boli identifikované viaceré slabé stránky v rozho...

Descrizione completa

Salvato in:
Dettagli Bibliografici
Autore principale: Milecová, Miroslava
Altri autori: Grznár, Miroslav, Szabo, Ľuboslav
Natura: Capitolo di libro
Lingua:inglese
Soggetti:
Tags: Aggiungi Tag
Nessun Tag, puoi essere il primo ad aggiungerne!!

MARC

LEADER 00000naa a2200000 4500
001 0117783
005 20240502083306.3
041 0 |a eng 
044 |a CZ 
245 1 0 |a Outsourcing: Decision Making in the Case of Outsourcing the Company Activity and the Management of Outsourcing Project  |c Miroslava Milecová, Miroslav Grznár, Ľuboslav Szabo 
520 |a Sumár hlavných zistení vyplývajúcich z výskumu realizovaného na Ekonomickej univerzite v Bratislave. Na základe dotazníkového prieskumu na vzorke 51 slovenských spoločností, ako aj na základe rozhovorov s manažérmi a zamestnancami týchto spoločností, boli identifikované viaceré slabé stránky v rozhodovaní o outsourcingu, ako aj v riadení outsourcingového projektu. Tieto slabé miesta súvisia s nedostatočným hodnotením rizika vyplývajúceho z outsourcingu a nedostatočným meraním výkonnosti outsourcingu. Vypracovanie štandardizovanej metodológie, ktorá je využiteľná v rozhodovaní sa, implementácii a riadení outsourcingu. 
610 2 0 |a outsourcing 
610 2 0 |a efektívnosť 
610 2 0 |a offshoring 
610 2 0 |a projekty 
610 2 0 |a riadenie projektové 
100 1 |a Milecová, Miroslava 
700 1 |a Grznár, Miroslav 
700 1 |a Szabo, Ľuboslav